Firefighters / (Record no. 2920)
[ view plain ]
| 000 -LEADER | |
|---|---|
| fixed length control field | 01035cam a22003137a 4500 |
| 005 - DATE AND TIME OF LATEST TRANSACTION | |
| control field | 20250130113615.0 |
| 020 ## - INTERNATIONAL STANDARD BOOK NUMBER | |
| International Standard Book Number | 9780439889926 |
| 040 ## - CATALOGING SOURCE | |
| Original cataloging agency | WDG |
| Transcribing agency | WDG |
| Modifying agency | DLC |
| Language of cataloging | eng |
| 050 00 - LIBRARY OF CONGRESS CALL NUMBER | |
| Classification number | HD8039.F5 |
| 082 00 - DEWEY DECIMAL CLASSIFICATION NUMBER | |
| Classification number | 628.925 |
| 100 1# - MAIN ENTRY--PERSONAL NAME | |
| Personal name | Daynes Katie |
| 245 10 - TITLE STATEMENT | |
| Title | Firefighters / |
| Statement of responsibility, etc. | Katie Daynes ; designed by Katrina Fearn and Josephine Thompson ; illustrated by Christyan Fox. |
| 250 ## - EDITION STATEMENT | |
| Edition statement | First Scholastic printing, September 2006 |
| 260 ## - PUBLICATION, DISTRIBUTION, ETC. | |
| Place of publication, distribution, etc. | New York : |
| Name of publisher, distributor, etc. | Scholastic, |
| Date of publication, distribution, etc. | 2004 |
| 300 ## - PHYSICAL DESCRIPTION | |
| Extent | 32 pages : |
| Other physical details | color illustrations ; |
| Dimensions | 21 cm. |
| 490 ## - SERIES STATEMENT | |
| Series statement | Usborne Beginners |
| Volume/sequential designation | Book 1 |
| 505 ## - FORMATTED CONTENTS NOTE | |
| Formatted contents note | N <br/> |
| 520 ## - SUMMARY, ETC. | |
| Summary, etc. | Describes the training, equipment, and work of a firefighter. |
| 521 ## - TARGET AUDIENCE NOTE | |
| Target audience note | 570 <br/> |
| Source | Lexile <br/> |
| 521 ## - TARGET AUDIENCE NOTE | |
| Target audience note | N <br/> |
| Source | Raz-Plus <br/> |
| 650 #0 - SUBJECT ADDED ENTRY--TOPICAL TERM | |
| Topical term or geographic name entry element | Fire fighters |
| Form subdivision | Juvenile literature. |
| 650 #0 - SUBJECT ADDED ENTRY--TOPICAL TERM | |
| Topical term or geographic name entry element | Fire extinction |
| Form subdivision | Juvenile literature. |
| 700 1# - ADDED ENTRY--PERSONAL NAME | |
| Personal name | Fearn, Katrina. |
| 700 1# - ADDED ENTRY--PERSONAL NAME | |
| Personal name | Thompson, Josephine. |
| 700 1# - ADDED ENTRY--PERSONAL NAME | |
| Personal name | Fox, Christyan. |
| 906 ## - LOCAL DATA ELEMENT F, LDF (RLIN) | |
| a | 7 |
| b | cbc |
| c | copycat |
| d | 2 |
| e | ncip |
| f | 20 |
| g | y-gencatlg |
| 942 ## - ADDED ENTRY ELEMENTS (KOHA) | |
| Source of classification or shelving scheme | Dewey Decimal Classification |
| Koha item type | Books |
| Suppress in OPAC | No |
| 999 ## - | |
| -- | 2920 |
| -- | 2920 |
| Withdrawn status | Lost status | Source of classification or shelving scheme | Damaged status | Not for loan | Collection | Home library | Current library | Shelving location | Date acquired | Total Checkouts | Full call number | Barcode | Date last seen | Date last checked out | Price effective from | Koha item type | Copy number |
|---|---|---|---|---|---|---|---|---|---|---|---|---|---|---|---|---|---|
| Dewey Decimal Classification | Non-Fiction | Footprints International School Library Network Toul Kork Campus | Footprints International School Library Network Toul Kork Campus | 01/23/2024 | 1 | DAY 628.925 HD8039.F5 | FISBK05822 | 05/21/2025 | 04/02/2025 | 01/23/2024 | Books | ||||||
| Dewey Decimal Classification | Non-Fiction | Footprints International School Library Network Toul Kork Campus | Footprints International School Library Network Toul Kork Campus | A TK Campus, 4th Floor, Room B401, Non-Fiction Bookcases(7-8) | 01/30/2025 | DAY 628.925 HD8039.F5 | 2025-0112 | 01/30/2025 | 01/30/2025 | Books | 2 |
